Introducción a la psicología /

Obra que presenta una visión general de la psicología de mediados del siglo XX, a través de los siguientes temas: 1. Mecanismo y organismo; 2. Las bases biológicas; 3. La percepción; 4. Memoria; 5. Aprendizaje; 6. Emotividad; 7. Imaginación; 8. Pensamiento; 9. La inteligencia; 10. Motivación; 11. Ps...

Ful tanımlama

Kaydedildi:
Detaylı Bibliyografya
Yazar: Wolff, Werner (autor)
Materyal Türü: Kitap
Dil:İspanyolca
Baskı/Yayın Bilgisi: México : Fondo de Cultura Económica, 1966
Edisyon:10a edición
Seri Bilgileri:(Breviarios ; 82)
Konular:
Etiketler: Etiketle
Etiket eklenmemiş, İlk siz ekleyin!

MARC

LEADER 00000nam^a2200000^a^4500
001 000000591
005 20250521000000.0
009 20260310083032.427
037 |a Acervo ITESO - Biblioteca 
041 |a ESP 
082 |a 082.  |b BRE V. 82 
100 |a Wolff, Werner  |e (autor) 
245 1 0 |a Introducción a la psicología /  |c W. Wolff ; tr. por Federico Pascual del Roncal. 
250 |a 10a edición 
264 1 |a México :  |b Fondo de Cultura Económica,  |c 1966 
300 |a 369 p. 
336 |a texto  |b txt  |2 rdacontenido 
337 |a sin mediación  |b n  |2 rdamedio 
338 |a volumen  |b nc  |2 rdasoporte 
440 1 |a (Breviarios ;  |v 82) 
500 |a Traducción de: What is Psychology 
520 |a Obra que presenta una visión general de la psicología de mediados del siglo XX, a través de los siguientes temas: 1. Mecanismo y organismo; 2. Las bases biológicas; 3. La percepción; 4. Memoria; 5. Aprendizaje; 6. Emotividad; 7. Imaginación; 8. Pensamiento; 9. La inteligencia; 10. Motivación; 11. Psicología profunda; 12. Personalidad; 13. ¿Qué es la psicología?. 
649 |a XX 
650 |a Percepción 
650 |a Emoción 
650 |a Motivación 
650 |a Aprendizaje 
650 |a Imaginación 
650 |a Memoria 
650 |a Inteligencia 
650 |a Pensamiento 
650 |a Personalidad 
650 |a Psicoanálisis 
650 |a Psicología -  |x Teoría 
650 |a Psicología -  |x Tema Principal 
910 |a Fondo General 
920 |a Impresos - Libros 
930 |a Colección General 
905 |a 101 
901 |a 0005910100  |b IT1  |c ACC  |i 000591  |u 20250521 
901 |a 0005910200  |b IT1  |c ACC  |i 900541  |u 20250521 
901 |a 0005910300  |b IT1  |c ACC  |i 900542  |u 20250521 
901 |a 0005910400  |b IT1  |c ACC  |i 900543  |u 20250521 
902 |a https://opac.biblio.iteso.mx/vufind/Record/000000591